[Event "Simcoe Day op"]
[Site "Toronto CAN"]
[Date "2002.08.04"]
[Round "4"]
[White "Manalo, Pepin"]
[Black "Boross Harmer, Peter"]
[Result "0-1"]
[WhiteElo "1895"]
[BlackElo "2023"]
[PlyCount "112"]
[EventDate "2002.08.03"]
[EventType "swiss"]
[EventRounds "6"]
[EventCountry "CAN"]

1. d4 d5 2. Nf3 Nf6 3. Bf4 Bg4 4. Nbd2 Nh5 5. Be3 Nc6 6. h3 Bd7 7. g4 Nf6 8.
Bg2 Qc8 9. Ne5 e6 10. g5 Ng8 11. f4 Nxe5 12. fxe5 Ne7 13. Bf2 c5 14. e3 Nf5 15.
c3 Be7 16. h4 h6 17. g6 fxg6 18. Qg4 Kf7 19. e4 h5 20. Qf4 dxe4 21. Nxe4 cxd4
22. Bxd4 Rf8 23. Nd6+ Bxd6 24. exd6 Kg8 25. Be5 Nxd6 26. Qg3 Nf7 27. O-O-O Bc6
28. Rhg1 Bxg2 29. Rxg2 Nxe5 30. Qxe5 Kh7 31. Qe4 Rf6 32. Rdg1 Qc6 33. Qd3 e5
34. Re2 Rf3 35. Qc2 Re8 36. Re4 Rf4 37. Rge1 Rxe4 38. Rxe4 Rf8 39. Qe2 Rf4 40.
Rxe5 Qh1+ 41. Kc2 Qxh4 42. Kb3 Qf2 43. Qd3 Rf5 44. Re6 Qf3 45. Qd6 Qd5+ 46.
Qxd5 Rxd5 47. c4 Rd7 48. c5 h4 49. Kc3 Kh6 50. Rd6 Re7 51. Rd3 g5 52. b4 g4 53.
b5 h3 54. c6 bxc6 55. bxc6 Rc7 56. Rd6+ Kg5 0-1

[Event "Simcoe Day op"]
[Site "Toronto CAN"]
[Date "2002.08.04"]
[Round "4"]
[White "Miller, Evgeny"]
[Black "Daniel, Kelvin"]
[Result "1/2-1/2"]
[WhiteElo "2191"]
[BlackElo "2064"]
[PlyCount "61"]
[EventDate "2002.08.03"]
[EventType "swiss"]
[EventRounds "6"]
[EventCountry "CAN"]

1. e4 e6 2. d4 d5 3. exd5 exd5 4. c4 Bb4+ 5. Nc3 Qe7+ 6. Be3 Nf6 7. a3 Bxc3+ 8.
bxc3 O-O 9. h3 Ne4 10. Qc1 f5 11. Be2 c6 12. Nf3 Nd7 13. O-O b6 14. Re1 Ba6 15.
Bg5 Qf7 16. Bf4 dxc4 17. Ne5 Nxe5 18. Bxe5 Qg6 19. Qe3 Rae8 20. h4 Nf6 21. Qf3
Ng4 22. Qf4 Nxe5 23. dxe5 Kh8 24. Bxc4 Bxc4 25. Qxc4 f4 26. f3 Qe6 27. Qa4 Rf5
28. Qxa7 Rxe5 29. Rxe5 Qxe5 30. Qxb6 Qxc3 31. Rd1 1/2-1/2

[Event "Simcoe Day op"]
[Site "Toronto CAN"]
[Date "2002.08.04"]
[Round "4"]
[White "Noritsyn, Nikolay"]
[Black "Tang, Charlie"]
[Result "1-0"]
[WhiteElo "2065"]
[BlackElo "2373"]
[PlyCount "91"]
[EventDate "2002.08.03"]
[EventType "swiss"]
[EventRounds "6"]
[EventCountry "CAN"]

1. e4 c5 2. Nf3 d6 3. d4 cxd4 4. Nxd4 Nf6 5. Nc3 g6 6. Be3 Bg7 7. f3 Nc6 8. Qd2
h5 9. O-O-O Bd7 10. Kb1 Rc8 11. h3 a6 12. f4 b5 13. Bd3 e5 14. Nf3 b4 15. Ne2
Qa5 16. Nc1 Be6 17. Ng5 Rd8 18. Nxe6 fxe6 19. Nb3 Qc7 20. Qf2 Rb8 21. Qg3 Qf7
22. f5 Ne7 23. fxe6 Qxe6 24. Bg5 O-O 25. Bxf6 Rxf6 26. Nd2 Qc8 27. Bc4+ Kh7 28.
Qd3 a5 29. g4 Nc6 30. gxh5 gxh5 31. Rhg1 Nd4 32. Qg3 Rb7 33. Qg5 Qe8 34. Rg3 a4
35. Rdg1 Qf8 36. Qxh5+ Rh6 37. Qg5 a3 38. Rg4 Bf6 39. Bg8+ Kh8 40. Qe3 Bg7 41.
Bd5 Qc8 42. Nc4 b3 43. cxb3 Rxb3 44. Qxh6+ Bxh6 45. Rg8+ Kh7 46. Rxc8 1-0

[Event "Simcoe Day op"]
[Site "Toronto CAN"]
[Date "2002.08.05"]
[Round "5"]
[White "Boross Harmer, Peter"]
[Black "Miller, Evgeny"]
[Result "1/2-1/2"]
[WhiteElo "2023"]
[BlackElo "2191"]
[PlyCount "43"]
[EventDate "2002.08.03"]
[EventType "swiss"]
[EventRounds "6"]
[EventCountry "CAN"]

1. d4 d5 2. Nf3 Nf6 3. g3 e6 4. Bg2 c5 5. c3 Nc6 6. O-O Be7 7. Nbd2 O-O 8. Ne5
cxd4 9. Nxc6 bxc6 10. cxd4 Qb6 11. Nb3 a5 12. Qc2 Nd7 13. Be3 Ba6 14. Bf3 a4
15. Nc1 Rab8 16. Nd3 Bb5 17. Rab1 Rbc8 18. Rfc1 Bf6 19. Nc5 Nxc5 20. Qxc5 Qa6
21. Rc2 Rfe8 22. Bf4 1/2-1/2

[Event "Simcoe Day op"]
[Site "Toronto CAN"]
[Date "2002.08.05"]
[Round "5"]
[White "Daniel, Kelvin"]
[Black "Thavandiran, Shiyam"]
[Result "1-0"]
[WhiteElo "2064"]
[BlackElo "2013"]
[PlyCount "133"]
[EventDate "2002.08.03"]
[EventType "swiss"]
[EventRounds "6"]
[EventCountry "CAN"]

1. e4 e6 2. d4 d5 3. Nd2 c5 4. Ngf3 Nf6 5. e5 Nfd7 6. c3 Nc6 7. Be2 Qb6 8. Nb1
Be7 9. O-O O-O 10. b3 cxd4 11. cxd4 f6 12. exf6 Nxf6 13. Ba3 Bd7 14. Bb2 Rac8
15. Na3 Rfe8 16. Nc2 Bd6 17. Ne3 Qc7 18. Rc1 Qb8 19. a3 Bf4 20. Qd3 Ne4 21. Rc2
Rf8 22. Ng4 h5 23. Nge5 Nxe5 24. Nxe5 Bxe5 25. dxe5 Rxc2 26. Qxc2 Rc8 27. Qd3
Be8 28. Bd4 Bf7 29. Qe3 b6 30. f3 Nc5 31. f4 g6 32. b4 Ne4 33. Bd3 Qb7 34. Rc1
Rd8 35. Rd1 Be8 36. Bxb6 Qxb6 37. Qxb6 axb6 38. Bxe4 Ra8 39. Rxd5 Bc6 40. Rd4
Bxe4 41. Rxe4 Rxa3 42. Rc4 Ra1+ 43. Kf2 Rb1 44. Kg3 Rb3+ 45. Kh4 Rb2 46. g3
Rxh2+ 47. Kg5 Rh3 48. Kxg6 Rxg3+ 49. Kxh5 Kf7 50. Rc6 Ke7 51. Rxb6 Kd7 52. b5
Rg1 53. Rb7+ Kd8 54. Kh6 Rg4 55. Rf7 Ke8 56. Ra7 Kd8 57. b6 Kc8 58. Rf7 Kb8 59.
Re7 Rxf4 60. Rxe6 Kb7 61. Kg6 Rf1 62. Rf6 Re1 63. Re6 Rf1 64. Rd6 Rg1+ 65. Kf7
Rf1+ 66. Ke7 Re1 67. e6 1-0

[Event "Simcoe Day op"]
[Site "Toronto CAN"]
[Date "2002.08.05"]
[Round "5"]
[White "Findlay, Ian"]
[Black "Filipovich, David"]
[Result "1/2-1/2"]
[WhiteElo "2382"]
[BlackElo "2309"]
[PlyCount "54"]
[EventDate "2002.08.03"]
[EventType "swiss"]
[EventRounds "6"]
[EventCountry "CAN"]

1. e4 c6 2. d4 d5 3. exd5 cxd5 4. c4 Nf6 5. Nc3 Nc6 6. Nf3 Bg4 7. cxd5 Nxd5 8.
Qb3 Bxf3 9. gxf3 Nb6 10. d5 Nd4 11. Qd1 e5 12. dxe6 Bc5 13. Be3 Nxe6 14. Bb5+
Ke7 15. Qe2 Bxe3 16. fxe3 a6 17. Bd3 Nd5 18. Nxd5+ Qxd5 19. Bc4 Qa5+ 20. Qd2
Qb6 21. Bxe6 fxe6 22. Rg1 g6 23. Rg4 Rad8 24. Qb4+ Rd6 25. Qxb6 Rxb6 26. O-O-O
Rc8+ 27. Kb1 Rd6 1/2-1/2

[Event "Simcoe Day op"]
[Site "Toronto CAN"]
[Date "2002.08.05"]
[Round "5"]
[White "Parcham Kashani, Alborz"]
[Black "Manalo, Pepin"]
[Result "0-1"]
[WhiteElo "2000"]
[BlackElo "1895"]
[PlyCount "72"]
[EventDate "2002.08.03"]
[EventType "swiss"]
[EventRounds "6"]
[EventCountry "CAN"]

1. e4 d6 2. d4 g6 3. Nf3 Bg7 4. Nc3 Nd7 5. Bc4 e6 6. Bf4 Nb6 7. Bb3 Qe7 8. O-O
h6 9. Re1 g5 10. Be3 g4 11. Nd2 h5 12. Nf1 Bd7 13. Qe2 Bh6 14. Rad1 O-O-O 15.
a4 Bxe3 16. Nxe3 a5 17. Ra1 Nh6 18. Qd1 Rdg8 19. g3 h4 20. Nb1 Qg5 21. Re2 Rg6
22. Nd2 f5 23. exf5 Nxf5 24. Nxf5 exf5 25. Qe1 Kb8 26. c3 hxg3 27. fxg3 Rgh6
28. Nf1 Bc6 29. Ra2 Bf3 30. Re8+ Rxe8 31. Qxe8+ Ka7 32. Qb5 Qe7 33. Qxa5+ Kb8
34. c4 Rxh2 35. Bd1 Rg2+ 36. Kh1 Qh7+ 0-1

[Event "Simcoe Day op"]
[Site "Toronto CAN"]
[Date "2002.08.05"]
[Round "6"]
[White "Filipovich, David"]
[Black "Mahadevan, Suresh"]
[Result "1/2-1/2"]
[WhiteElo "2309"]
[BlackElo "2235"]
[PlyCount "87"]
[EventDate "2002.08.03"]
[EventType "swiss"]
[EventRounds "6"]
[EventCountry "CAN"]

1. Nf3 d6 2. d4 Bg4 3. c3 Nd7 4. Qb3 Rb8 5. h3 Bh5 6. Bf4 Ngf6 7. Nbd2 e6 8. e3
Be7 9. Be2 O-O 10. g4 Bg6 11. Nh4 Be4 12. Nxe4 Nxe4 13. Nf3 d5 14. Qc2 Rc8 15.
Bd3 f5 16. gxf5 exf5 17. h4 h6 18. Ke2 c5 19. Rag1 c4 20. Bxe4 fxe4 21. Ne5
Nxe5 22. dxe5 Bxh4 23. Rg4 Bg5 24. Bxg5 hxg5 25. Rh5 Rf5 26. Qc1 Qe7 27. Qg1
Rcf8 28. Rhxg5 Rxf2+ 29. Qxf2 Rxf2+ 30. Kxf2 Kf8 31. Rxg7 Qxg7 32. Rxg7 Kxg7
33. Kg3 Kf7 34. Kf4 Ke6 35. Kg5 Kxe5 36. Kg4 b5 37. a3 a5 38. Kg5 Kd6 39. Kf4
Ke6 40. Kg4 Kd6 41. Kf4 Kc5 42. Ke5 Kc6 43. Kf4 Kd6 44. Kg4 1/2-1/2

[Event "Simcoe Day op"]
[Site "Toronto CAN"]
[Date "2002.08.05"]
[Round "6"]
[White "Tang, Charlie"]
[Black "Manalo, Pepin"]
[Result "1-0"]
[WhiteElo "2313"]
[BlackElo "1895"]
[PlyCount "53"]
[EventDate "2002.08.03"]
[EventType "swiss"]
[EventRounds "6"]
[EventCountry "CAN"]

1. e4 Nc6 2. d4 d5 3. e5 e6 4. f4 Nge7 5. Nf3 g6 6. Be3 Bg7 7. Be2 Nf5 8. Bf2
h5 9. O-O Bd7 10. b3 Nce7 11. c4 c6 12. Nc3 h4 13. c5 Ng8 14. b4 Bh6 15. Qd2
Rh7 16. Bd3 Nge7 17. Nxh4 Bg7 18. Nf3 Bh6 19. g4 Qc7 20. gxf5 gxf5 21. Bh4 Rg7+
22. Kh1 Bxf4 23. Qxf4 Ng6 24. Qh6 Rg8 25. Bf6 Ne7 26. Bxe7 Kxe7 27. Qf6+ 1-0

[Event "Simcoe Day op"]
[Site "Toronto CAN"]
[Date "2002.08.05"]
[Round "6"]
[White "Thavandiran, Shiyam"]
[Black "Parcham Kashani, Alborz"]
[Result "1-0"]
[WhiteElo "2013"]
[BlackElo "2500"]
[PlyCount "49"]
[EventDate "2002.08.03"]
[EventType "swiss"]
[EventRounds "6"]
[EventCountry "CAN"]

1. e4 e5 2. Nf3 Nf6 3. Nxe5 d6 4. Nf3 Nxe4 5. d4 d5 6. Bd3 Be7 7. O-O O-O 8. c4
Nf6 9. Nc3 c6 10. Bf4 Be6 11. c5 Nbd7 12. b4 b6 13. Nd2 Qc8 14. Qe2 Re8 15. Ba6
Qd8 16. Bb7 Rc8 17. Bxc8 Qxc8 18. Rfc1 Bf5 19. Qf1 Bd8 20. Nb3 b5 21. a4 bxa4
22. Rxa4 Qb7 23. Qa6 Qxa6 24. Rxa6 Bc2 25. Nd2 1-0

[Event "Southern Alberta op"]
[Site "Calgary CAN"]
[Date "2002.11.15"]
[Round "1"]
[White "Clark, Chris"]
[Black "Roy, Jim"]
[Result "0-1"]
[WhiteElo "1923"]
[BlackElo "1509"]
[PlyCount "44"]
[EventDate "2002.11.15"]
[EventType "swiss"]
[EventRounds "5"]
[EventCountry "CAN"]

1. d4 d5 2. Nf3 e6 3. e3 c5 4. dxc5 Bxc5 5. Bb5+ Bd7 6. Bxd7+ Nxd7 7. c4 dxc4
8. Qa4 Rc8 9. O-O Ngf6 10. Rd1 Nd5 11. Nc3 N5b6 12. Qxa7 Qc7 13. Nb5 Qc6 14.
Nbd4 Qe4 15. Qa5 O-O 16. Qb5 Bd6 17. Bd2 Rc5 18. Ng5 Qg4 19. f4 Rxb5 20. Nxb5
Bc5 21. b4 cxb3 22. axb3 Qxf4 0-1

[Event "Southern Alberta op"]
[Site "Calgary CAN"]
[Date "2002.11.15"]
[Round "1"]
[White "Cripps, Richard"]
[Black "Eshleman, Brandon"]
[Result "1/2-1/2"]
[WhiteElo "1400"]
[BlackElo "1903"]
[PlyCount "64"]
[EventDate "2002.11.15"]
[EventType "swiss"]
[EventRounds "5"]
[EventCountry "CAN"]

1. d4 Nf6 2. c4 g6 3. Nc3 d5 4. Nf3 Bg7 5. e3 O-O 6. Bd3 c6 7. O-O Nbd7 8. c5
Qc7 9. h3 e5 10. Bc2 Re8 11. b4 b6 12. Bb2 e4 13. Nh2 bxc5 14. bxc5 Ba6 15. Re1
Rab8 16. Rb1 Rb7 17. f3 exf3 18. Nxf3 Bh6 19. Bc1 Rxb1 20. Bxb1 Bg7 21. e4 dxe4
22. Nxe4 Nxe4 23. Bxe4 Nf6 24. Bd3 Rxe1+ 25. Nxe1 Bxd3 26. Qxd3 Nd5 27. Nf3 Kf8
28. Bd2 Nf4 29. Bxf4 Qxf4 30. Kf2 Qc1 31. Qe4 Qb2+ 32. Kg3 Qb5 1/2-1/2

[Event "Southern Alberta op"]
[Site "Calgary CAN"]
[Date "2002.11.15"]
[Round "1"]
[White "Dean, Tim"]
[Black "Haessel, Dale"]
[Result "0-1"]
[WhiteElo "1776"]
[BlackElo "2239"]
[PlyCount "86"]
[EventDate "2002.11.15"]
[EventType "swiss"]
[EventRounds "5"]
[EventCountry "CAN"]

1. e4 c5 2. Nf3 d6 3. d4 cxd4 4. Nxd4 Nf6 5. Nc3 a6 6. a4 Nc6 7. Be2 g6 8. Be3
Bg7 9. O-O O-O 10. f4 Ng4 11. Bxg4 Bxd4 12. Bxd4 Bxg4 13. Qxg4 Nxd4 14. Qd1 Nc6
15. Kh1 Rc8 16. Nd5 e6 17. Ne3 Qf6 18. c3 Rfd8 19. Qe1 d5 20. e5 Qe7 21. Ng4 d4
22. Nf6+ Kg7 23. Qh4 h6 24. cxd4 Rxd4 25. Ra3 Nxe5 26. Nh5+ Kf8 27. Qxe7+ Kxe7
28. fxe5 gxh5 29. Raf3 Rf8 30. b3 Rd5 31. Re3 f5 32. exf6+ Rxf6 33. Kg1 Rxf1+
34. Kxf1 Kd6 35. Kf2 Rd2+ 36. Kf3 e5 37. h4 Kd5 38. g3 a5 39. Rc3 Kd4 40. Rc4+
Kd3 41. g4 hxg4+ 42. Kxg4 Rc2 43. Rxc2 Kxc2 0-1

[Event "Southern Alberta op"]
[Site "Calgary CAN"]
[Date "2002.11.15"]
[Round "1"]
[White "Gardner, Robert"]
[Black "Marshall, Jim"]
[Result "1-0"]
[WhiteElo "2255"]
[BlackElo "1787"]
[PlyCount "63"]
[EventDate "2002.11.15"]
[EventType "swiss"]
[EventRounds "5"]
[EventCountry "CAN"]

1. d4 Nf6 2. c4 g6 3. Nc3 d5 4. cxd5 Nxd5 5. e4 Nxc3 6. bxc3 Bg7 7. Bc4 c5 8.
Be3 Nc6 9. Ne2 O-O 10. h4 Qa5 11. Kf1 cxd4 12. cxd4 Rd8 13. h5 Ne5 14. Bd5 e6
15. Bb3 Ng4 16. Bd2 Qb6 17. Bc3 e5 18. Qe1 exd4 19. Ba5 Qf6 20. Bxd8 Qxd8 21.
Rd1 Bd7 22. hxg6 hxg6 23. Kg1 Qb6 24. Nf4 Re8 25. Qe2 Ne5 26. Nd5 Qc5 27. Qd2
d3 28. Qe3 Qa5 29. Qf4 Ng4 30. Rh4 Be5 31. Qf3 Nf6 32. Nxf6+ 1-0

[Event "Southern Alberta op"]
[Site "Calgary CAN"]
[Date "2002.11.15"]
[Round "1"]
[White "MacFie, Bob"]
[Black "Hughey, Micah"]
[Result "0-1"]
[WhiteElo "1729"]
[BlackElo "2032"]
[PlyCount "70"]
[EventDate "2002.11.15"]
[EventType "swiss"]
[EventRounds "5"]
[EventCountry "CAN"]

1. f4 Nf6 2. Nf3 c5 3. e3 g6 4. b3 Bg7 5. Bb2 O-O 6. c4 Nc6 7. g3 d6 8. Bg2 e5
9. O-O e4 10. Ng5 Bg4 11. Qc1 Re8 12. Nh3 Nb4 13. Nf2 Be2 14. Re1 Bd3 15. Na3
d5 16. Bc3 Rc8 17. Bf1 dxc4 18. Nxc4 Nc2 19. Nb2 Nxe1 20. Qxe1 Bxf1 21. Qxf1 a6
22. g4 h5 23. g5 Ng4 24. Nxg4 hxg4 25. Qe2 Qd7 26. Kf2 Bxc3 27. dxc3 Kg7 28.
Rd1 Qe6 29. Nc4 Rh8 30. Kg3 Rh3+ 31. Kg2 Rch8 32. Rh1 g3 33. Qd1 Rxh2+ 34. Rxh2
Rxh2+ 35. Kxg3 Qh3# 0-1

[Event "Southern Alberta op"]
[Site "Calgary CAN"]
[Date "2002.11.15"]
[Round "1"]
[White "Meharg, Bruce"]
[Black "Williams, Philip"]
[Result "1-0"]
[WhiteElo "1881"]
[BlackElo "1376"]
[PlyCount "44"]
[EventDate "2002.11.15"]
[EventType "swiss"]
[EventRounds "5"]
[EventCountry "CAN"]

1. d4 Nf6 2. c4 g6 3. Nc3 d5 4. cxd5 Nxd5 5. Nf3 Nxc3 6. bxc3 Bg7 7. e4 c5 8.
Be3 O-O 9. Rc1 cxd4 10. cxd4 Nd7 11. Bd3 Qa5+ 12. Qd2 Qxd2+ 13. Kxd2 e5 14. d5
f5 15. Ke2 fxe4 16. Bxe4 Nf6 17. Nd2 b6 18. Rc7 Ba6+ 19. Kd1 Rfc8 20. Re7 Nxe4
21. Nxe4 Bd3 22. f3 Bf8 1-0

[Event "Southern Alberta op"]
[Site "Calgary CAN"]
[Date "2002.11.15"]
[Round "1"]
[White "Milne, Arthur"]
[Black "Huber, Greg"]
[Result "0-1"]
[WhiteElo "1804"]
[BlackElo "2308"]
[PlyCount "60"]
[EventDate "2002.11.15"]
[EventType "swiss"]
[EventRounds "5"]
[EventCountry "CAN"]

1. c4 e5 2. g3 Nc6 3. Bg2 g6 4. Nc3 Bg7 5. e4 d6 6. Nge2 Be6 7. d3 Qd7 8. Nd5
Nce7 9. Be3 c6 10. Nxe7 Nxe7 11. Qd2 O-O 12. O-O d5 13. cxd5 cxd5 14. Bc5 Rfe8
15. Rfd1 d4 16. Rf1 Rac8 17. Ba3 Qa4 18. Bxe7 Rxe7 19. b3 Qb5 20. Rac1 Rec7 21.
f4 Bh6 22. Rxc7 Rxc7 23. Rc1 Rxc1+ 24. Nxc1 a5 25. Ne2 a4 26. bxa4 Qxa4 27. Nc1
Qa3 28. Bf3 Qc3 29. Qxc3 dxc3 30. Ne2 c2 0-1

[Event "Southern Alberta op"]
[Site "Calgary CAN"]
[Date "2002.11.15"]
[Round "1"]
[White "Ottosen, David"]
[Black "Kaminski, Victor"]
[Result "1/2-1/2"]
[WhiteElo "2025"]
[BlackElo "1719"]
[PlyCount "101"]
[EventDate "2002.11.15"]
[EventType "swiss"]
[EventRounds "5"]
[EventCountry "CAN"]

1. e4 e6 2. d4 d5 3. Nc3 Bb4 4. e5 Bxc3+ 5. bxc3 Ne7 6. Qg4 O-O 7. Bg5 c5 8.
Bf6 g6 9. Qh4 Qa5 10. Ne2 Nf5 11. Qf4 Nd7 12. g4 Ng7 13. h4 Nxf6 14. exf6 Ne8
15. h5 Qc7 16. Qf3 e5 17. g5 e4 18. Qf4 cxd4 19. cxd4 Bf5 20. hxg6 fxg6 21.
Qxc7 Nxc7 22. Nf4 Rad8 23. Bh3 Bxh3 24. Rxh3 Rd6 25. Rb1 b6 26. Rbb3 Ne6 27.
Nxe6 Rxe6 28. Rbc3 Ree8 29. Rc7 Rf7 30. Rxf7 Kxf7 31. Rxh7+ Ke6 32. Rxa7 Kf5
33. Rd7 Kxg5 34. f7 Rf8 35. Rxd5+ Kf4 36. Rd7 e3 37. Re7 exf2+ 38. Kxf2 Kf5 39.
d5 Kf6 40. d6 Rxf7 41. Rc7 Ke6+ 42. Kg3 Rxc7 43. dxc7 Kd7 44. Kg4 Kxc7 45. Kg5
Kd6 46. Kxg6 Ke6 47. a3 b5 48. Kg5 Kd5 49. Kf5 Kc4 50. Ke5 Kc3 51. Kd5 1/2-1/2

[Event "Southern Alberta op"]
[Site "Calgary CAN"]
[Date "2002.11.15"]
[Round "1"]
[White "Reeve, Jeff"]
[Black "Pivovarov, Juraj"]
[Result "1-0"]
[WhiteElo "2375"]
[BlackElo "1820"]
[PlyCount "87"]
[EventDate "2002.11.15"]
[EventType "swiss"]
[EventRounds "5"]
[EventCountry "CAN"]

1. e4 e6 2. d3 c5 3. Nf3 Nc6 4. g3 g6 5. Bg2 Bg7 6. O-O Nge7 7. Re1 e5 8. c3 d6
9. Be3 Bg4 10. h3 Bd7 11. Na3 O-O 12. d4 cxd4 13. cxd4 Kh8 14. Nc4 Be8 15. dxe5
dxe5 16. Bc5 f6 17. Qxd8 Rxd8 18. Red1 Rxd1+ 19. Rxd1 Kg8 20. Nd6 b6 21. Nxe8
Rxe8 22. Ba3 Kf7 23. Bf1 Rd8 24. Bc4+ Kf8 25. Rc1 Bh6 26. Rc3 Nd4 27. Ba6 Rd7
28. Kg2 Kg7 29. Rd3 Nec6 30. Bb5 Rd8 31. Bxc6 Nxc6 32. Rc3 Rc8 33. g4 Kf7 34.
h4 Bf8 35. Bxf8 Kxf8 36. g5 Kf7 37. gxf6 Kxf6 38. Ng5 Rc7 39. Nxh7+ Rxh7 40.
Rxc6+ Kg7 41. Rc7+ Kh6 42. Rxh7+ Kxh7 43. Kg3 Kh6 44. Kg4 1-0

[Event "Southern Alberta op"]
[Site "Calgary CAN"]
[Date "2002.11.15"]
[Round "1"]
[White "Ward, Kevin"]
[Black "Nguyen, Kim"]
[Result "0-1"]
[WhiteElo "1663"]
[BlackElo "1985"]
[PlyCount "60"]
[EventDate "2002.11.15"]
[EventType "swiss"]
[EventRounds "5"]
[EventCountry "CAN"]

1. f4 Nf6 2. Nf3 d6 3. b3 g6 4. Bb2 Bg7 5. e3 O-O 6. c4 a6 7. Qc2 Bf5 8. Bd3
Bxd3 9. Qxd3 Nbd7 10. b4 c6 11. O-O Qb6 12. a3 a5 13. Bd4 Qc7 14. bxa5 Nc5 15.
Qc2 Qxa5 16. f5 Qa4 17. Qxa4 Nxa4 18. fxg6 hxg6 19. Nc3 c5 20. Bxf6 Bxf6 21.
Nd5 Bxa1 22. Nxe7+ Kg7 23. Rxa1 Nb2 24. Rb1 Nxc4 25. Rxb7 Rfb8 26. Rc7 Rb1+ 27.
Kf2 Rb2 28. Nh4 Rxd2+ 29. Kg3 Rxa3 30. Kf4 Nxe3 0-1

[Event "Southern Alberta op"]
[Site "Calgary CAN"]
[Date "2002.11.16"]
[Round "2"]
[White "Boehmer, Kris"]
[Black "Robertson, Archie"]
[Result "1-0"]
[WhiteElo "2008"]
[BlackElo "1870"]
[PlyCount "75"]
[EventDate "2002.11.15"]
[EventType "swiss"]
[EventRounds "5"]
[EventCountry "CAN"]

1. c4 Nf6 2. Nc3 g6 3. g3 Bg7 4. Bg2 O-O 5. d4 c6 6. e4 d6 7. Nge2 e5 8. O-O
Nbd7 9. h3 Re8 10. Be3 exd4 11. Nxd4 Nc5 12. Qc2 Ne6 13. Nde2 Qe7 14. Rfe1 Nc5
15. Nd4 Nfd7 16. Rad1 Ne5 17. b3 Qf6 18. f4 Ned7 19. Nde2 Qe7 20. Nd4 Nf6 21.
Bf2 Bd7 22. b4 Ne6 23. Nf3 Nc7 24. Qd3 Rad8 25. Qxd6 Qxd6 26. Rxd6 Be6 27. c5
Nd7 28. e5 Nb5 29. Nxb5 cxb5 30. Red1 Bf8 31. R6d2 Be7 32. Nd4 Nb8 33. Nxe6
fxe6 34. Bxb7 Rxd2 35. Rxd2 Rd8 36. Rxd8+ Bxd8 37. c6 a5 38. Bc5 1-0

[Event "Southern Alberta op"]
[Site "Calgary CAN"]
[Date "2002.11.16"]
[Round "2"]
[White "Cui, Maylin"]
[Black "Dean, Tim"]
[Result "0-1"]
[WhiteElo "1300"]
[BlackElo "1776"]
[PlyCount "82"]
[EventDate "2002.11.15"]
[EventType "swiss"]
[EventRounds "5"]
[EventCountry "CAN"]

1. e4 e5 2. Nf3 Nc6 3. Bb5 a6 4. Bxc6 dxc6 5. d4 exd4 6. Nxd4 c5 7. Nf3 Qxd1+
8. Kxd1 Be6 9. Re1 O-O-O+ 10. Nbd2 c4 11. c3 Bc5 12. Ke2 f6 13. Kf1 Ne7 14. b4
Ba7 15. Nh4 Rhe8 16. Nf5 Nxf5 17. exf5 Bxf5 18. Bb2 Rxd2 19. Rxe8+ Kd7 20. Rae1
Bd3+ 21. R8e2 Rxb2 22. g3 b5 23. h4 c5 24. a3 cxb4 25. cxb4 Kd6 26. g4 h6 27.
h5 Rd2 28. Kg2 Rxe2 29. Rd1 Rxf2+ 30. Kg3 Ra2 31. Kf4 Kd5 32. Re1 Be2 33. Kf5
c3 34. Rc1 c2 35. Kf4 Bd1 36. a4 Rb2 37. Rxc2 Rxc2 38. axb5 axb5 39. g5 fxg5+
40. Kf5 Rc7 41. Kg6 Bc2# 0-1

[Event "Southern Alberta op"]
[Site "Calgary CAN"]
[Date "2002.11.16"]
[Round "2"]
[White "Huber, Greg"]
[Black "Daniluk, Jim"]
[Result "1-0"]
[WhiteElo "2301"]
[BlackElo "1988"]
[PlyCount "67"]
[EventDate "2002.11.15"]
[EventType "swiss"]
[EventRounds "5"]
[EventCountry "CAN"]

1. e4 c5 2. Nf3 Nc6 3. d4 cxd4 4. Nxd4 Nf6 5. Nc3 e5 6. Ndb5 d6 7. Bg5 a6 8.
Na3 b5 9. Nd5 Be7 10. Nxe7 Nxe7 11. Bxf6 gxf6 12. c4 Qa5+ 13. Qd2 Qxd2+ 14.
Kxd2 bxc4 15. Nxc4 O-O 16. Nb6 Rb8 17. Nxc8 Rfxc8 18. b3 a5 19. Bc4 Nc6 20.
Rac1 Nd4 21. Rc3 a4 22. Rhc1 Kf8 23. Bd5 Rxc3 24. Rxc3 axb3 25. axb3 Kg7 26. h4
h5 27. g3 Rb6 28. Kd3 Ra6 29. Rc7 Ra2 30. Rxf7+ Kg6 31. f4 Rg2 32. f5+ Kh6 33.
Rxf6+ Kh7 34. Rg6 1-0

[Event "Southern Alberta op"]
[Site "Calgary CAN"]
[Date "2002.11.16"]
[Round "2"]
[White "Hughey, Micah"]
[Black "Meharg, Bruce"]
[Result "1/2-1/2"]
[WhiteElo "2032"]
[BlackElo "1881"]
[PlyCount "79"]
[EventDate "2002.11.15"]
[EventType "swiss"]
[EventRounds "5"]
[EventCountry "CAN"]

1. e4 c5 2. Nf3 d6 3. d4 cxd4 4. Qxd4 Nc6 5. Bb5 Bd7 6. Bxc6 Bxc6 7. Nc3 Nf6 8.
Bg5 e5 9. Qd3 Be7 10. O-O-O Qa5 11. Bxf6 Bxf6 12. Qxd6 Rd8 13. Qa3 Qxa3 14.
bxa3 O-O 15. Nd5 Bxd5 16. Rxd5 Rxd5 17. exd5 e4 18. Nd2 Bg5 19. Kd1 f5 20. Ke2
Rc8 21. c4 Bxd2 22. Kxd2 Rxc4 23. Rb1 b6 24. Rb4 Rc5 25. Rd4 Kf8 26. h3 Ke7 27.
d6+ Kd7 28. g4 g6 29. gxf5 gxf5 30. f3 Re5 31. Ke3 b5 32. fxe4 fxe4 33. Rxe4
Kxd6 34. Kd4 Rxe4+ 35. Kxe4 Ke6 36. Kd4 Kd6 37. h4 h5 38. Ke4 Ke6 39. Kf4 Kf6
40. Ke4 1/2-1/2

[Event "Southern Alberta op"]
[Site "Calgary CAN"]
[Date "2002.11.16"]
[Round "2"]
[White "Kaminski, Thomas"]
[Black "Dean, Tim"]
[Result "0-1"]
[WhiteElo "1436"]
[BlackElo "1776"]
[PlyCount "64"]
[EventDate "2002.11.15"]
[EventType "swiss"]
[EventRounds "5"]
[EventCountry "CAN"]

1. Nf3 Nf6 2. d4 d5 3. g3 g6 4. Bg2 Bg7 5. O-O O-O 6. Bg5 h6 7. Bf4 c5 8. Bxb8
Rxb8 9. Nc3 b6 10. Ne5 Bb7 11. e3 e6 12. Na4 Qc7 13. Nd3 Nd7 14. dxc5 bxc5 15.
Rb1 Ba8 16. b3 e5 17. Nc3 e4 18. Nxd5 Bxd5 19. Nf4 Ba8 20. c4 Nf6 21. Qe1 g5
22. Ne2 Ng4 23. h3 Ne5 24. Nc1 Nf3+ 25. Bxf3 exf3 26. Nd3 Be4 27. Rd1 Rbd8 28.
Nc1 Rxd1 29. Qxd1 Rd8 30. Qe1 Bb2 31. Kh2 Ba3 32. Kg1 Bb4 0-1

[Event "Southern Alberta op"]
[Site "Calgary CAN"]
[Date "2002.11.16"]
[Round "2"]
[White "Kaminski, Victor"]
[Black "Flemming, Jim"]
[Result "1-0"]
[WhiteElo "1719"]
[BlackElo "1946"]
[PlyCount "83"]
[EventDate "2002.11.15"]
[EventType "swiss"]
[EventRounds "5"]
[EventCountry "CAN"]

1. e4 e5 2. Nf3 Nc6 3. Bb5 Nf6 4. Nc3 d6 5. Bxc6+ bxc6 6. O-O Be7 7. d3 O-O 8.
Be3 c5 9. Bg5 Rb8 10. b3 c6 11. Re1 Ne8 12. Qd2 Nc7 13. Bxe7 Qxe7 14. Ne2 Bg4
15. Ng3 Bxf3 16. gxf3 g6 17. f4 exf4 18. Qxf4 Ne6 19. Qd2 Nd4 20. Kg2 Qf6 21.
f4 Rfe8 22. c3 Ne6 23. f5 Nf8 24. Rf1 Qe5 25. d4 cxd4 26. cxd4 Qb5 27. Rae1 c5
28. d5 Qb4 29. Qh6 f6 30. fxg6 hxg6 31. Re2 Qd4 32. Ref2 f5 33. exf5 Qxd5+ 34.
Kg1 Qd4 35. Kh1 Qg7 36. Qd2 Qd4 37. Qg5 Qg7 38. f6 Qf7 39. Nf5 Qb7+ 40. Kg1 Re5
41. f7+ Qxf7 42. Nh6+ 1-0